名前に漢数字が含まれる現役選手(2026) - Statistics

General Stats
  • This quiz has been taken 16 times
  • The average score is 20 of 69
Answer Stats
現所属 ポジション 選手名 % Correct
日本ハム 外野手 万波中正
80%
広島 内野手 二俣翔一
60%
五/十 日本ハム 外野手 五十幡亮汰
60%
DeNA 内野手 京田陽太
60%
ソフトバンク 外野手 周東佑京
60%
阪神 内野手 戸井零士
53%
阪神 内野手 百﨑蒼生
53%
阪神 外野手 前川右京
53%
オリックス 内野手 大城滉二
47%
巨人 捕手 大城卓三
47%
楽天 投手 田中千晴
47%
日本ハム 投手 田中正義
47%
DeNA 内野手 三森大貴
40%
DeNA 捕手 九鬼隆平
40%
オリックス 投手 九里亜蓮
40%
阪神 投手 湯浅京己
40%
ソフトバンク 外野手 正木智也
40%
西武 投手 正木悠馬
40%
オリックス 投手 佐藤一磨
33%
中日 投手 三浦瑞樹
33%
西武 投手 三浦大輝
33%
DeNA 投手 佐々木千隼
33%
巨人 投手 千葉隆広
33%
DeNA 捕手 益子京右
33%
巨人 投手 京本眞
33%
DeNA 投手 大貫晋一
27%
DeNA 内野手 小田康一郎
27%
中日 内野手 中村奈一輝
27%
広島 投手 髙太一
27%
ソフトバンク 投手 杉山一樹
27%
ソフトバンク 投手 村田賢一
27%
日本ハム 外野手 宮崎一樹
27%
西武 内野手 石井一成
27%
ロッテ 投手 一條力真
27%
巨人 外野手 三塚琉生
27%
ヤクルト 内野手 茂木栄五郎
27%
ロッテ 投手 八木彬
27%
ロッテ 内野手 松石信八
27%
日本ハム 内野手 半田南十
27%
阪神 投手 小川一平
20%
広島 投手 滝田一希
20%
ソフトバンク 投手 河野伸一朗
20%
ソフトバンク 投手 岡田皓一朗
20%
ソフトバンク 捕手 石塚綜一郎
20%
オリックス 投手 山﨑颯一郎
20%
オリックス 捕手 村上喬一朗
20%
楽天 内野手 村林一輝
20%
西武 外野手 岸潤一郎
20%
DeNA 内野手 西巻賢二
20%
ヤクルト 投手 高橋奎二
20%
中日 外野手 三上愛介
20%
西武 外野手 仲三優太
20%
楽天 投手 九谷瑠
20%
巨人 投手 山城京平
20%
中日 内野手 樋口正修
20%
ロッテ 投手 秋山正雲
20%
ヤクルト 投手 山野太一
13%
オリックス 投手 渡邉一生
13%
オリックス 内野手 香月一也
13%
オリックス 外野手 寺本聖一
13%
楽天 投手 德山一翔
13%
西武 投手 隅田知一郎
13%
西武 外野手 奥村光一
13%
巨人 投手 冨重英二郎
13%
ヤクルト 捕手 矢野泰二郎
13%
オリックス 外野手 三方陽登
13%
楽天 内野手 金子京介
13%
阪神 内野手 立石正広
13%
巨人 投手 堀江正太郎
13%
No matching quizzes found
Score Distribution
Percent of People with Each Score
Percentile by Number Answered
Your Score History
You have not taken this quiz